| 000 | 00402nam a2200169Ia 4500 | ||
|---|---|---|---|
| 005 | 20250423094632.0 | ||
| 008 | 250422s9999 xx 000 0 und d | ||
| 020 | _a1- 57231- 304-8 | ||
| 050 | _aTK 5105.888 .K34/ | ||
| 100 | _aLouis Kahn | ||
| 245 | 0 | _aBuild your own website | |
| 260 | _bMicrosoft Press | ||
| 260 | _c1996 | ||
| 300 | _a219 p | ||
| 650 | _aWorld wide web servers | ||
| 942 | _cBK | ||
| 999 |
_c27839 _d27839 |
||